00656nam a2200229 a 4500001001300000003000900013005001700022008004100039020000900080082001900089100001700108245003600125260003600161300000900197500003500206505001700241650002000258902000800278942000700286952011800293999001500411nice12345678IN_TiNIC20260116012811.0050524s1986 dela grp 000 0 eng  ac9500a305.6297bBAR1 aBartold, V V aCultural History of the Muslims aDelhibMittal Publicationc1986 a146p aincludes index and biblioraphy2 aBibliography aIslamic-Culture bSRS cBK 001040708StackRoom-aHMIbHMId2007-03-27g95.00l0o305.6297 BAR1p012189r2007-03-27v95.00w2005-05-24yBK c8425d8425